| 000 | 00976nam a2200241 i 4500 | ||
|---|---|---|---|
| 001 | 7743 | ||
| 003 | ES-MaACL | ||
| 005 | 20251120063119.0 | ||
| 007 | t| | ||
| 008 | 910510s1978 sp b |||| | spa d | ||
| 020 | _a84-235-0342-9 | ||
| 080 | _a016:946"1833/76" | ||
| 100 | 1 |
_aBurgo, Jaime del, _d1912-2005 _932641 |
|
| 245 | 1 | 0 |
_aBibliografia del siglo XIX _b: guerras carlistas, luchas políticas / _cJaime del Burgo ; prólogo de Federico Suárez Verdeguer. |
| 250 |
_a2ª ed. _brevisada y puesta al día con las publicaciones que han visto la luz hasta el año 1975 inclusive. |
||
| 260 |
_aPamplona : _b[Diputación Foral de Navarra], _c1978. |
||
| 300 |
_aXXIX, 1072 p. ; _c33 cm. |
||
| 500 | _aPrecede al tít.: Fuentes para la historia de España. | ||
| 651 | 4 |
_aEspaña- _xHistoria- _y1833-1876, Guerras carlistas- _vBibliografías. _98254 |
|
| 700 | 1 |
_aSuárez, Federico. _9108558 |
|
| 852 |
_aES-MaACL _jC-10858 _z- Enc. tela |
||
| 999 |
_c7743 _d7743 |
||